Poznávanie tretieho sektora na Slovensku [... v rámci projektu Poznanie tretieho sektora na Slovensku v kontexte iných krajín]

Bibliographic Details
Main Authors: Filadelfiová, Jarmila, 1956- (Author), Dluhá, Marianna (Author), Košičiarová, Soňa, 1965- (Author), Marček, Eduard (Author)
Other Authors: Kostolanská, Veronika (Compiler), Kelley, Eva (Compiler)
Format: Book
Language:Slovak
PhysicalDescription:172 strán, 6 nečíslovaných strán obrazových príloh grafy, tabuľky 21 cm
Published: Bratislava S. P. A. C. E. - Centrum pre analýzu sociálnej politiky 2004
ISBN:8088991269
Edition:1. vyd.
Series:Tretí sektor a dobrovoľníctvo
Subjects:

MARC

LEADER 00000cam a2200000 a 4500
001 vtls001479669
003 SK-MaSNL
005 20260425235048.0
008 240226s2004 xo dl grn 000 0 slo
015 |a SNBA2004/08-04462 
020 |a 8088991269  |q (brožované) 
035 |a SNK000434967 
035 |a urn:nbn:sk:snk-am3j2yo 
035 |a 1CDEBA3F-9928-4216-AE16-022E2DA69388 
035 |a urn:nbn:sk:snk-am00gha8 
040 |a SNK  |b slo  |c SNK  |e AACR2 
041 0 |a slo 
043 |a e-xo--- 
044 |a xo  |c SK 
072 7 |a 334  |x Formy organizácie a spolupráce v ekonomike  |2 konspekt 
080 |a 061.4(437.6)  |2 1997 
080 |a 34  |2 1997  |2 1997 
080 |a 336  |2 1997 
080 |a 334.012.46  |2 2011 
080 |a 334  |2 2011 
080 |a 34  |2 2011 
080 |a 336  |2 2011 
080 |a (437.6)  |2 2011 
080 |a (048.8)  |2 2011 
080 |a 364-78-027.556  |2 2011 
245 0 0 |a Poznávanie tretieho sektora na Slovensku  |b [... v rámci projektu Poznanie tretieho sektora na Slovensku v kontexte iných krajín]  |c Jarmila Filadelfiová ... [et al.] ; zostavili: Veronika Kostolanská, Eva Kelley 
250 |a 1. vyd. 
260 |a Bratislava  |b S. P. A. C. E. - Centrum pre analýzu sociálnej politiky  |c 2004 
300 |a 172 strán, 6 nečíslovaných strán obrazových príloh  |b grafy, tabuľky  |c 21 cm 
490 1 |a Tretí sektor a dobrovoľníctvo 
504 |a Obsahuje bibliografické odkazy 
650 0 7 |a neziskový sektor  |2 SNKPH  |9 27057 
650 0 7 |a neziskové organizácie  |2 SNKPH  |9 2670 
650 0 7 |a financie  |2 SNKPH  |9 2205 
650 0 7 |a právne aspekty  |2 SNKPH  |9 3869 
650 0 7 |a dobrovoľníctvo  |2 SNKPH  |9 17055 
651 7 |a Slovensko  |2 SNKPHgeo  |9 14231 
655 7 |a štúdie  |2 SNKPH  |9 57033 
700 1 |a Kostolanská, Veronika  |4 com  |9 299627 
700 1 |a Kelley, Eva  |4 com  |9 530307 
700 1 |a Filadelfiová, Jarmila,  |d 1956-  |4 aut  |9 109818 
700 1 |a Dluhá, Marianna  |4 aut  |9 530308 
700 1 |a Košičiarová, Soňa,  |d 1965-  |4 aut  |9 211055 
700 1 |a Marček, Eduard  |4 aut  |9 530309 
830 0 |a Tretí sektor a dobrovoľníctvo  |9 385488 
919 |a 80-88991-26-9 
958 |a NB 
958 |a OND 
999 |c 818321  |d 820251 
952 |a SNK  |b SNK  |y PREZ  |7 0  |p 17A0438602  |o snkSC 116867  |i snkKSP 10410/2004  |0 0  |1 0  |4 0  |d 2004-08-03  |f 1  |l 0  |r 2025-10-16 00:00:00  |w 2026-02-24 
952 |t snkPOZ 061.27  |a SNKUST  |b SNKUST  |y PREZ  |7 0  |p 17A0438593  |o snkSC 116867 D1  |i snkKSP 10411/2004  |0 0  |1 0  |4 0  |d 2004-08-03  |l 0  |r 2025-03-21 00:00:00  |w 2026-02-24